The Christianity Quiz - Statistics

General Stats
  • This quiz has been taken 7,009 times
  • The average score is 19 of 23
Answer Stats
Clue Answer % Correct
Holy book Bible
99%
Central figure of the New Testament Jesus
97%
Religious building Church
96%
The virgin mother Mary
96%
Symbol Cross
94%
The Trinity The Father
93%
The Trinity The Son
93%
The Trinity The Holy Spirit
92%
Who betrayed Jesus? Judas
87%
Where he was born Bethlehem
86%
The 4 Gospels John
84%
Country where the Pope resides Vatican City
83%
The book that looks at the creation of the Universe Genesis
79%
The 4 Gospels Luke
79%
The 4 Gospels Mark
78%
The 4 Gospels Matthew
78%
Persecutor turned missionary who wrote in the New Testament Saint Paul
73%
Religious Middle Aged wars against Muslims Crusades
71%
German who started the Protestant Reformation Martin Luther
71%
Between Heaven and Hell Purgatory
65%
The first Pope Saint Peter
59%
One which houses a bishop Cathedral
49%
Book written by Joseph Smith The Book of Mormon
48%
No matching quizzes found
Score Distribution
Percent of People with Each Score
Percentile by Number Answered
Your Score History
You have not taken this quiz